000 00715nam 22002053 4500
001 198714
090 _a198714
100 _a20251030d u||y0pory50 ba
101 _apor
200 _aAs Aventuras de Huckleberry Finn
_fMark Twain
_gTradução de Miriam Marder Silva Monteiro
210 _aMem Martins
_cPublicações Europa-América
_d1976 (imp.)
215 _a249, [3] p.
_cBrochado
_d18 cm
225 _aLivros de Bolso Europa-América
_v143
300 _aRomance juvenil de aventura
606 _957
_aLiteratura Juvenil Americana
675 _a821.111(73)-311.3-93/TWA/AVE
_vPT
_zpor
700 _9784
_aTwain
_bMark
_f1835-1910
801 _aPT
_bBMMN
_gRPC
830 _cCarlos Pinto
_d30-10-2025
_fCarlos Pinto
990 _cLIVROS